| 000 | 00588nam a22001817a 4500 | ||
|---|---|---|---|
| 005 | 20250430114805.0 | ||
| 010 | _aENG-144698 | ||
| 020 |
_a9788123441597 _c100.00 |
||
| 035 | _aEN-128230 | ||
| 037 | _bDBAD | ||
| 082 |
_a808.883 _21 |
||
| 100 |
_aKTV _980949 |
||
| 245 |
_aA Melodious Harmony / _cKTV |
||
| 260 |
_aTamilnadu _bNew Century Book House (P) Ltd., _c2021 |
||
| 270 |
_a41-B,SIDCO Industrial Estate,Ambattur, _bChennai,Tamilnadu _e600050 _minfo@ncbh.in _k044-26251968,26258410,48601884 |
||
| 300 |
_a104 p. _c21 cm.(Pbk) |
||
| 942 |
_2ddc _cEN _h808.883 _mKTV _e1 |
||
| 999 |
_c211065 _d211065 |
||